000 00648nam a2200241Ia 4500
003 OSt
005 20220925230513.0
006 a|||||r|||| 00| 0
007 ta
008 220923b |||||||| |||| 00| 0 eng d
037 _cGeneral Book
040 _aRTL
_cRTL
_beng
041 _2eng
_aeng
082 _aY9(W81), M7
100 _aLaqueur Walter
_919743
245 0 _aAge of terrorism
260 _aLondon
_bWeidenfeld and Nicolson
_c1987
300 _a385p
_ccm.
500 _aBibliography P 323-333
650 _aPolitical Sociology
942 _hY9(W81), M7
_cGB
_2CC
999 _c585763
_d585763